[ANONYME ] Histoire de Moulay Abelmeula. Le triomphe de l’amour et de la vertu dans l’esclavage et sur le trône. Présentation de ROGER LITTLE. Paris, L’Harmattan, 2003, coll. « Autrement mêmes ». Un vol. 13 × 22 de 90 p. (notice n° 1653852)

détails MARC
000 -LEADER
fixed length control field 01741cam a2200157 4500500
005 - DATE AND TIME OF LATEST TRANSACTION
control field 20260208005811.0
041 ## - LANGUAGE CODE
Language code of text/sound track or separate title fre
042 ## - AUTHENTICATION CODE
Authentication code dc
100 10 - MAIN ENTRY--PERSONAL NAME
Personal name Racault, Jean-Michel
Relator term author
245 00 - TITLE STATEMENT
Title [ANONYME ] Histoire de Moulay Abelmeula. Le triomphe de l’amour et de la vertu dans l’esclavage et sur le trône. Présentation de ROGER LITTLE. Paris, L’Harmattan, 2003, coll. « Autrement mêmes ». Un vol. 13 × 22 de 90 p.
260 ## - PUBLICATION, DISTRIBUTION, ETC.
Date of publication, distribution, etc. 2005.<br/>
500 ## - GENERAL NOTE
General note 96
520 ## - SUMMARY, ETC.
Summary, etc. En 2000 et 2001 a été mise en place une réforme de l’enseignement du français au lycée définissant « l’histoire littéraire et culturelle » comme la première des quatre « perspectives » à mettre en œuvre dans l’étude des textes. D’assez nombreux documents pédagogiques ont vu le jour à cette occasion, qu’il est intéressant de consulter, car ils apportent aussi à la recherche théorique des éléments nouveaux de réflexion concernant les définitions de l’histoire littéraire, les écueils de ses méthodes et les manières concrètes d’insérer un savoir historique dans un cours de littérature. Une synthèse est ici proposée sur ces divers sujets, comme aussi une invitation à redéfinir peut-être certaines notions définissant les programmes, certaines méthodes proposées aux enseignants : ces imprécisions ou ces difficultés pourraient sans doute être en partie levées si les spécialistes de l’histoire littéraire proposent leurs idées et leurs solutions.
786 0# - DATA SOURCE ENTRY
Note Revue d'histoire littéraire de la France | 105 | 1 | 2005-02-01 | p. 231e-253e | 0035-2411
856 41 - ELECTRONIC LOCATION AND ACCESS
Uniform Resource Identifier <a href="https://shs.cairn.info/revue-d-histoire-litteraire-de-la-france-2005-1-page-231e?lang=fr&redirect-ssocas=7080">https://shs.cairn.info/revue-d-histoire-litteraire-de-la-france-2005-1-page-231e?lang=fr&redirect-ssocas=7080</a>

Pas d'exemplaire disponible.

PLUDOC

PLUDOC est la plateforme unique et centralisée de gestion des bibliothèques physiques et numériques de Guinée administré par le CEDUST. Elle est la plus grande base de données de ressources documentaires pour les Étudiants, Enseignants chercheurs et Chercheurs de Guinée.

Adresse

627 919 101/664 919 101

25 boulevard du commerce
Kaloum, Conakry, Guinée

Réseaux sociaux

Powered by Netsen Group @ 2025